1751 1067 1694 1698 1842 1199 1865 1948 1797 1483 1844 1739 1825 1553 1856 1879 1631 1023 1778 1969 1299 1840 1726 1050 1383 1520 1932 1775 1054 1675 1166 1516 1500 1122 1260 1898 1259 1723 1525 1506 1306 1134 1284 1994 1235 1249 1222 1199 1305 1000 1413 1124 1636 1656 1620 1068 1188 1165 1110 1812 1828 1747 1827 1772 1268 1698 1670 1352 1669 1466 1170 1216 1736 1833 1540 1191 1706 1417 1885 1665 1961 1834 1184 1936 1194 1142 1936 1725 1740 1517 1201 1647 1645 1440 1252 1682 1467 1844 1701 BCNSPRNW ULIB Ver.6.0+V

เปลี่ยนเป็นภาษาไทย

Change to English
 แสดงรายละเอียดบรรณานุกรม
  กลับหน้าหลัก

Brief Record : Get Marc (ISO 2709) : E-mail record : QR code < ปิดหน้าต่าง
LEADER : 00000nam 2200000uu 4500
001    13399110255
003     ULIB
008    110426s2543||||th 000 0 tha d
020    9747786214
060 04 WM105^bส715ค 2543
110 1  กระทรวงสาธารณสุข.^bกรมสุขภาพจิต
245 10 คู่มือการดูแลผู้มีปัญหาสุขภาพจิตและจิตเวชสำหรับเจ้าหน้าที่สาธารณสุข /^cกรมสุขภาพจิต
250    พิมพ์ครั้งที่ 4
260    กรุงเทพฯ :^bกรมสุขภาพจิต กระทรวงสาธารณสุข,^c2543
300    64 หน้า
650  7 ปัญหาสุขภาพจิต
650  7 สุขภาพจิต^xการดูแล
650  7 สุขภาพจิต^xการให้คำปรึกษา
945    ^p0^l0^i013340
945    ^p0^l0^i013339
945    ^p0^l0^i013338
945    ^p0^l0^i013337
945    ^p0^l0^i013336
945    ^p0^l0^i013335
945    ^p0^l0^i013334
945    ^p0^l0^i013333
945    ^p0^l0^i013332
945    ^p0^l0^i013331
945    ^p0^l0^i013330
945    ^p0^l0^i013329
945    ^p0^l0^i013328
945    ^p0^l0^i013327
945    ^p0^l0^i013326
945    ^p0^l0^i013324
945    ^p0^l0^i013322
945    ^p0^l0^i013320
945    ^p0^l0^i013318
945    ^p0^l0^i013316
945    ^p0^l0^i013314
945    ^p0^l0^i013312
945    ^p0^l0^i013310
945    ^p0^l0^i013308
945    ^p0^l0^i013306
945    ^p0^l0^i013304
945    ^p0^l0^i013302
945    ^p0^l0^i013300
945    ^p0^l0^i013298
945    ^p0^l0^i013296
945    ^p0^l0^i013294
945    ^p0^l0^i013292
945    ^p0^l0^i013325
945    ^p0^l0^i013323
945    ^p0^l0^i013321
945    ^p0^l0^i013319
945    ^p0^l0^i013317
945    ^p0^l0^i013315
945    ^p0^l0^i013313
945    ^p0^l0^i013311
945    ^p0^l0^i013309
945    ^p0^l0^i013307
945    ^p0^l0^i013305
945    ^p0^l0^i013303
945    ^p0^l0^i013301
945    ^p0^l0^i013299
945    ^p0^l0^i013297
945    ^p0^l0^i013295
945    ^p0^l0^i013293
945    ^p0^l0^i013291
995    ทศพร
999 ^a ใช้งานได้ทุกระบบ
รายการนี้ยังไม่มีแท็ก
คุณยังไม่ได้ล็อกอิน คุณสามารถมีกิจกรรมร่วมกับเว็บไซต์ได้ แต่ต้องล็อกอินก่อน ::
  ล็อกอิน

รายการสื่อสารสนเทศ

ลำดับที่ ประเภท เลขเรียก/บาร์โค้ด สถานที่ สถานะ
- ไม่พบข้อมูล -

รายการใกล้เคียง
    หัวเรื่อง [ปัญหาสุขภาพจิต]

BibComment


ยังไม่เคยถูกคอมเมนท์

คอมเมนท์ทรัพยากรรายการนี้
  คอมเมนท์: คู่มือการดูแลผู้ม..


 Copyright 2026. Bcnsprnw @Library